| 000 | 00943 a2200265 4500 | ||
|---|---|---|---|
| 005 | 20251014142458.0 | ||
| 008 | 251014b |||||||| |||| 00| 0 eng d | ||
| 020 | _a9781032683447 (pbk) | ||
| 037 | _cTB | ||
| 040 |
_aCRL _cCRL |
||
| 041 |
_2eng _aeng |
||
| 084 |
_aR86 R5 _qCRL |
||
| 245 | _aBeyond decolonial african philosophy | ||
| 260 |
_aLondon, UK; _aNew York, USA: _bRoutledge, _c2025. |
||
| 300 | _axvi, 303p. | ||
| 365 |
_b39.99 _cUKP |
||
| 490 | _aRoutledge studies in african philosophy | ||
| 650 |
_aPhilosophy _9848251 |
||
| 650 |
_aAfrican Philosophy _9848252 |
||
| 650 |
_aDecolonization _9848253 |
||
| 700 |
_aAgbakoba, Joseph C. A. _eeditor. _9848254 |
||
| 700 |
_aRainsborough, Marita _eeditor. _9848255 |
||
| 942 |
_cTB _2CC _n0 _hR86 R5 |
||
| 999 |
_c1436095 _d1436095 |
||